[Event "BL 1011 Werder Bremen - Nickelhütte Aue"]
[Site "?"]
[Date "2010.12.12"]
[Round "6.1"]
[White "Meijers, Viesturs"]
[Black "Fressinet, Laurent"]
[Result "1/2-1/2"]
[WhiteElo "2502"]
[BlackElo "2718"]
[PlyCount "104"]
[EventDate "2010.??.??"]

1. e4 e5 2. Nf3 Nc6 3. Bb5 Nf6 4. Qe2 Bd6 5. c3 O-O 6. O-O Re8 7. d3 a6 8. Ba4
Bf8 9. c4 Rb8 10. Be3 b5 11. cxb5 axb5 12. Bb3 Na5 13. Bc2 c5 14. Bg5 d6 15.
Nc3 Be7 16. Bxf6 Bxf6 17. Nd5 Be6 18. h3 g6 19. Rab1 Bg7 20. b4 Nc6 21. a3 f5
22. Bb3 Kh8 23. a4 Bxd5 24. Bxd5 Nxb4 25. axb5 Bf6 26. Bc4 Re7 27. Rfc1 Ra7 28.
Qd1 Qd7 29. Ra1 Rxa1 30. Rxa1 d5 31. exd5 Nxd5 32. Ra6 Nb6 33. Qa1 Qd6 34. h4
h6 35. Qe1 Bg7 36. Kh1 Qe7 37. Bb3 Kh7 38. Kg1 Qd7 39. Qa5 Qxd3 40. Rxb6 Rxb6
41. Qxb6 Qxb3 42. h5 gxh5 43. Qxc5 Qb1+ 44. Kh2 Qe4 45. b6 Qf4+ 46. Kg1 e4 47.
Nh4 e3 48. fxe3 Qxh4 49. Qxf5+ Kh8 50. b7 Qe1+ 51. Kh2 Qh4+ 52. Kg1 Qe1+
1/2-1/2

[Event "BL 1011 Werder Bremen - Nickelhütte Aue"]
[Site "?"]
[Date "2010.12.12"]
[Round "6.2"]
[White "Areshchenko, Alexander"]
[Black "Slobodjan, Roman"]
[Result "1-0"]
[WhiteElo "2664"]
[BlackElo "2556"]
[PlyCount "107"]
[EventDate "2010.??.??"]

1. e4 e5 2. Nf3 Nc6 3. Bc4 Bc5 4. c3 Nf6 5. b4 Be7 6. d3 O-O 7. O-O d5 8. exd5
Nxd5 9. Re1 Bf6 10. b5 Na5 11. Ba3 Re8 12. Bxd5 Qxd5 13. c4 Qd8 14. Nc3 a6 15.
Ne4 axb5 16. cxb5 Bf5 17. Nxf6+ Qxf6 18. Bb2 Bg4 19. Re3 Qb6 20. a4 f6 21. Bc3
Red8 22. Rb1 Be6 23. Nd2 Bf5 24. Qf3 Bg6 25. h4 Qc5 26. Bxa5 Rxa5 27. h5 e4 28.
Qg3 Bxh5 29. Nxe4 Qe5 30. Qxe5 fxe5 31. Nc3 Bg6 32. Rd1 e4 33. d4 c6 34. bxc6
bxc6 35. Ree1 Ra7 36. Rd2 Rb8 37. Ra1 Rb3 38. Nd1 Bf7 39. Rc2 Rd3 40. Rxc6 Be8
41. Rc8 Kf7 42. Rc4 Bb5 43. Rb4 Ba6 44. Ne3 Rc3 45. a5 Bd3 46. Rb6 h5 47. a6
Ke8 48. Ra5 h4 49. Kh2 Rcc7 50. Nf5 Rd7 51. Kh3 Kd8 52. Kxh4 Kc7 53. Re6 Ra8
54. Kg5 1-0

[Event "BL 1011 Werder Bremen - Nickelhütte Aue"]
[Site "?"]
[Date "2010.12.12"]
[Round "6.3"]
[White "Petr, Martin"]
[Black "Roiz, Michael"]
[Result "1/2-1/2"]
[WhiteElo "2468"]
[BlackElo "2637"]
[PlyCount "75"]
[EventDate "2010.??.??"]

1. e4 c6 2. d4 d5 3. exd5 cxd5 4. c4 Nf6 5. Nc3 Nc6 6. Bg5 dxc4 7. Bxc4 e6 8.
Nf3 Be7 9. O-O O-O 10. Re1 a6 11. Bb3 b5 12. d5 Nxd5 13. Bxd5 exd5 14. Qxd5
Qxd5 15. Nxd5 Bxg5 16. Nxg5 Bb7 17. Rac1 Rad8 18. Rxc6 Rxd5 19. Rc7 Rxg5 20.
Rxb7 Rc5 21. Ra7 Rc2 22. Rxa6 Rxb2 23. g3 b4 24. Re3 g6 25. Ra7 h5 26. h4 Kg7
27. Rf3 Kh6 28. Rfxf7 Rxf7 29. Rxf7 Rxa2 30. Rb7 Rb2 31. Kg2 Rb3 32. Kf1 Rb2
33. Ke1 Rb1+ 34. Ke2 b3 35. Kf3 Rb2 36. Ke3 Rb1 37. Kf4 Rb2 38. Ke4 1/2-1/2

[Event "BL 1011 Werder Bremen - Nickelhütte Aue"]
[Site "?"]
[Date "2010.12.12"]
[Round "6.4"]
[White "Nyback, Tomi"]
[Black "Gaponenko, Inna"]
[Result "1/2-1/2"]
[WhiteElo "2635"]
[BlackElo "2469"]
[PlyCount "56"]
[EventDate "2010.??.??"]

1. d4 Nf6 2. c4 e6 3. g3 d5 4. Nf3 dxc4 5. Bg2 a6 6. O-O Nc6 7. e3 Bd7 8. Qe2
b5 9. e4 Be7 10. Rd1 O-O 11. Nc3 Qc8 12. d5 Nb4 13. Ne5 exd5 14. Nxd7 Nxd7 15.
Bh3 Qe8 16. Nxd5 Nxd5 17. Rxd5 Rd8 18. Be3 c6 19. Rdd1 Nc5 20. e5 Nd3 21. f4 f6
22. Bb6 Rb8 23. Bd4 fxe5 24. fxe5 Rd8 25. Bb6 Rb8 26. Bd4 Rd8 27. Bb6 Rb8 28.
Bd4 Bf6 1/2-1/2

[Event "BL 1011 Werder Bremen - Nickelhütte Aue"]
[Site "?"]
[Date "2010.12.12"]
[Round "6.5"]
[White "Prohaszka, Peter"]
[Black "Hracek, Zbynek"]
[Result "0-1"]
[WhiteElo "2529"]
[BlackElo "2633"]
[PlyCount "66"]
[EventDate "2010.??.??"]

1. d4 Nf6 2. c4 e6 3. g3 Bb4+ 4. Bd2 a5 5. Bg2 d6 6. Nf3 Nbd7 7. O-O e5 8. e3
c6 9. Bc1 e4 10. Ng5 d5 11. c5 h6 12. Nh3 a4 13. a3 Ba5 14. Qxa4 Nf8 15. b4
Bxh3 16. Bxh3 Bc7 17. Qd1 h5 18. f4 exf3 19. Qxf3 h4 20. Bf5 hxg3 21. hxg3 N8h7
22. Ra2 Ng5 23. Qg2 Nfe4 24. Rf4 Bxf4 25. gxf4 g6 26. Bg4 f5 27. fxg5 fxg4 28.
Qxg4 Qd7 29. Rg2 Rh1+ 30. Kxh1 Nf2+ 31. Rxf2 Qxg4 32. Nc3 O-O-O 33. Rh2 Rf8 0-1

[Event "BL 1011 Werder Bremen - Nickelhütte Aue"]
[Site "?"]
[Date "2010.12.12"]
[Round "6.6"]
[White "Feller, Sebastien"]
[Black "Spiess, Gunter"]
[Result "1/2-1/2"]
[WhiteElo "2649"]
[BlackElo "2429"]
[PlyCount "107"]
[EventDate "2010.??.??"]

1. d4 d5 2. c4 c6 3. Nf3 Nf6 4. Nc3 e6 5. Bg5 h6 6. Bh4 dxc4 7. e4 g5 8. Bg3 b5
9. Be2 Bb7 10. Qc2 Nbd7 11. Rd1 Bb4 12. h4 g4 13. Ne5 Rg8 14. Bf4 h5 15. O-O
Nxe5 16. Bxe5 Qe7 17. a4 a6 18. Ra1 Rd8 19. Rfe1 g3 20. fxg3 Nd7 21. Bf4 e5 22.
dxe5 Nxe5 23. Rf1 Bc5+ 24. Kh1 Nd3 25. axb5 cxb5 26. Bxd3 Rxd3 27. Nd5 Bxd5 28.
exd5 Kd8 29. Rae1 Qd7 30. Qe2 Qxd5 31. Bg5+ Kc8 32. Rd1 f6 33. Bf4 Rd8 34. Rde1
Kb7 35. Kh2 a5 36. g4 hxg4 37. Qxg4 Rg8 38. Qe2 Be3 39. Bxe3 Rxe3 40. Qf2 Qe5+
41. Kh1 Rgg3 42. Qd2 Rd3 43. Rxe5 Rxd2 44. Rxf6 Rgxg2 45. Re7+ Kc8 46. Rf8+ Rd8
47. Kxg2 Rxf8 48. Re5 b4 49. Rxa5 Kd7 50. Rc5 Rc8 51. Rxc8 Kxc8 52. h5 c3 53.
bxc3 bxc3 54. h6 1/2-1/2

[Event "BL 1011 Werder Bremen - Nickelhütte Aue"]
[Site "?"]
[Date "2010.12.12"]
[Round "6.7"]
[White "Vasilevich, Tatjana"]
[Black "Babula, Vlastimil"]
[Result "1/2-1/2"]
[WhiteElo "2399"]
[BlackElo "2515"]
[PlyCount "42"]
[EventDate "2010.??.??"]

1. d4 Nf6 2. c4 e6 3. Nc3 Bb4 4. Qc2 O-O 5. a3 Bxc3+ 6. Qxc3 d6 7. Bg5 Re8 8.
e3 e5 9. Ne2 Nbd7 10. Qc2 c6 11. dxe5 dxe5 12. Nc3 h6 13. Bh4 a5 14. Be2 Nc5
15. b3 e4 16. O-O Bf5 17. Rfd1 Qe7 18. Rab1 Rad8 19. b4 axb4 20. axb4 Nd3 21.
c5 g5 1/2-1/2

[Event "BL 1011 SK Delmenhorst - Bayern München"]
[Site "?"]
[Date "2010.12.12"]
[Round "6.2"]
[White "Lammers, Markus"]
[Black "Bromberger, Stefan"]
[Result "0-1"]
[WhiteElo "2395"]
[BlackElo "2530"]
[PlyCount "136"]
[EventDate "2010.??.??"]

1. d4 Nf6 2. c4 e6 3. Nf3 c5 4. Nc3 cxd4 5. Nxd4 a6 6. g3 Qc7 7. Bg2 Qxc4 8.
O-O Nc6 9. Nb3 d5 10. Bg5 Be7 11. Rc1 Qg4 12. Qd2 O-O 13. h3 Qb4 14. Rfd1 Rd8
15. Qc2 Bd7 16. a3 Qd6 17. Bf4 e5 18. Bg5 d4 19. e3 Rac8 20. exd4 Nxd4 21. Nxd4
exd4 22. Be3 Bc6 23. Rxd4 Qe6 24. Rxd8+ Bxd8 25. Rd1 Ba5 26. Bd4 Bxg2 27. Kxg2
Nd5 28. Qe4 Bxc3 29. Qxe6 fxe6 30. Bxc3 Nxc3 31. Rc1 Kf7 32. Rxc3 Rxc3 33. bxc3
Kf6 34. f4 e5 35. Kf3 Ke6 36. g4 exf4 37. Kxf4 Kd5 38. h4 Kc4 39. Kf5 Kxc3 40.
g5 b5 41. g6 hxg6+ 42. Kxg6 Kb3 43. Kxg7 Kxa3 44. h5 b4 45. h6 b3 46. h7 b2 47.
h8=Q b1=Q 48. Qc8 Qb2+ 49. Kg6 Qb6+ 50. Kf5 Qb5+ 51. Ke4 Qe2+ 52. Kd4 Qd2+ 53.
Ke4 a5 54. Qh3+ Kb2 55. Qh5 Qc2+ 56. Kd4 Qc3+ 57. Ke4 Qc4+ 58. Ke3 a4 59. Kd2
Qc3+ 60. Kd1 Qd3+ 61. Ke1 a3 62. Qh2+ Qc2 63. Qb8+ Qb3 64. Qh2+ Kb1 65. Qh7+
Qc2 66. Qb7+ Kc1 67. Qd5 Qc3+ 68. Ke2 Kb1 0-1

[Event "BL 1011 SK Delmenhorst - Bayern München"]
[Site "?"]
[Date "2010.12.12"]
[Round "6.4"]
[White "Mossakowski, Florian"]
[Black "Renner, Christoph"]
[Result "0-1"]
[WhiteElo "2335"]
[BlackElo "2420"]
[PlyCount "82"]
[EventDate "2010.??.??"]

1. Nf3 Nf6 2. g3 b5 3. Bg2 Bb7 4. O-O e6 5. b3 c5 6. c4 a6 7. Bb2 Be7 8. d3 O-O
9. Nbd2 d5 10. Ne5 Nc6 11. Nxc6 Bxc6 12. cxd5 Bxd5 13. Nf3 Qb6 14. Rc1 a5 15.
e4 Bb7 16. Ne5 Rfd8 17. Qf3 Bd6 18. Qe3 Bf8 19. Rc2 Nd7 20. Nf3 a4 21. Rfc1
axb3 22. axb3 e5 23. Bh3 f6 24. Bxd7 Rxd7 25. b4 Qd8 26. bxc5 Rxd3 27. Qe2 Bc6
28. Bxe5 Rxf3 29. Qxf3 fxe5 30. Qb3+ Kh8 31. Qe6 Qf6 32. Qxf6 gxf6 33. f3 Kg7
34. Kg2 Kf7 35. Rb2 Ke6 36. g4 Ra3 37. Rd2 Be7 38. Rb2 Kd7 39. h4 Kc7 40. Rcb1
Ra5 41. Rc2 Bd7 0-1

[Event "BL 1011 SK Delmenhorst - Bayern München"]
[Site "?"]
[Date "2010.12.12"]
[Round "6.5"]
[White "Belezky, Alexander"]
[Black "Hoeffer, David"]
[Result "1/2-1/2"]
[WhiteElo "2454"]
[BlackElo "2259"]
[PlyCount "99"]
[EventDate "2010.??.??"]

1. Nf3 Nc6 2. d4 d5 3. c4 e5 4. Nxe5 Nxe5 5. dxe5 d4 6. a3 Ne7 7. e3 Nc6 8. f4
a5 9. b3 Bc5 10. e4 g5 11. Bd3 gxf4 12. Bxf4 Qh4+ 13. Bg3 Qg5 14. Qd2 Qh5 15.
Qf4 Be6 16. Be2 Qg6 17. Qf6 Rg8 18. Nd2 Kd7 19. Qxg6 Rxg6 20. Nf3 Re8 21. Rf1
Kc8 22. Kd2 Reg8 23. Ne1 Rxg3 24. hxg3 Nxe5 25. Nd3 Nxd3 26. Kxd3 Rxg3+ 27. Bf3
h5 28. Rh1 Bg4 29. Raf1 Bxa3 30. Kxd4 Bb2+ 31. Ke3 Be5 32. Kf2 f6 33. Rd1 c6
34. Rd3 Kc7 35. c5 b6 36. cxb6+ Kxb6 37. Rd8 Bxf3 38. gxf3 Rg5 39. Ke3 c5 40.
Rh3 Bd4+ 41. Kd3 Be5 42. Rh8 Kb5 43. R3xh5 Rg2 44. R8h7 Rb2 45. Rxe5 fxe5 46.
Kc3 Rf2 47. Rb7+ Kc6 48. Rf7 Kb5 49. Rb7+ Kc6 50. Rf7 1/2-1/2

[Event "BL 1011 SK Delmenhorst - Bayern München"]
[Site "?"]
[Date "2010.12.12"]
[Round "6.6"]
[White "Skinke, Katrina"]
[Black "Meissner, Bernd"]
[Result "0-1"]
[WhiteElo "2237"]
[BlackElo "2401"]
[PlyCount "117"]
[EventDate "2010.??.??"]

1. e4 c5 2. Nf3 d6 3. d4 cxd4 4. Nxd4 Nc6 5. Nc3 e5 6. Ndb5 a6 7. Na3 Nf6 8.
Bg5 Be7 9. Nc4 Nd4 10. Bxf6 Bxf6 11. Nd5 O-O 12. c3 Nc6 13. Ndb6 Rb8 14. Qxd6
Be6 15. Be2 Qe8 16. O-O Be7 17. Qd2 Rd8 18. Qc2 f5 19. exf5 Bxf5 20. Qc1 Qg6
21. Qe3 Bg5 22. Qg3 Qh6 23. Ne3 Bf4 24. Nxf5 Rxf5 25. Qh3 Qxh3 26. gxh3 Rg5+
27. Kh1 Rd2 28. Bc4+ Kf8 29. b4 Rh5 30. Kg2 Rd6 31. Nd5 Rg6+ 32. Kh1 Rxh3 33.
Nxf4 exf4 34. f3 Rd6 35. Kg2 Rdh6 36. Rh1 R3h5 37. Rae1 Ne5 38. Re4 Rg6+ 39.
Kf2 Rc6 40. Rxf4+ Ke7 41. Be2 Rxc3 42. h4 Nc6 43. Rg1 g6 44. a4 Rc2 45. Rg5
Rxg5 46. hxg5 Ke6 47. b5 axb5 48. axb5 Ne7 49. Rf6+ Ke5 50. f4+ Kd4 51. Rb6 Nd5
52. Rxb7 Nxf4 53. Rd7+ Ke4 54. Re7+ Kf5 55. b6 Rb2 56. b7 Nxe2 57. b8=Q Rxb8
58. Kxe2 Rh8 59. Kf2 0-1

[Event "BL 1011 SK Delmenhorst - Bayern München"]
[Site "?"]
[Date "2010.12.12"]
[Round "6.7"]
[White "Deglmann, Ludwig"]
[Black "Ohse, Andreas Dr"]
[Result "1-0"]
[WhiteElo "2397"]
[BlackElo "2133"]
[PlyCount "39"]
[EventDate "2010.??.??"]

1. Nf3 c5 2. e4 g6 3. d4 cxd4 4. Qxd4 Nf6 5. e5 Nc6 6. Qa4 Nd5 7. Qe4 Nb6 8.
Nc3 Bg7 9. Bf4 O-O 10. O-O-O f6 11. e6 Qe8 12. Nb5 d5 13. Qe1 g5 14. Nc7 Qg6
15. Bd3 f5 16. Nxg5 Rb8 17. c3 d4 18. c4 Na4 19. h4 h6 20. h5 1-0

[Event "BL 1011 SK Delmenhorst - Bayern München"]
[Site "?"]
[Date "2010.12.12"]
[Round "6.8"]
[White "Sturm, Tobias"]
[Black "Reich, Thomas"]
[Result "1/2-1/2"]
[WhiteElo "2037"]
[BlackElo "2350"]
[PlyCount "93"]
[EventDate "2010.??.??"]

1. e4 c5 2. c3 g6 3. d4 cxd4 4. cxd4 d5 5. exd5 Nf6 6. Nc3 Bg7 7. Nf3 O-O 8.
Bc4 Nbd7 9. O-O Nb6 10. Bb3 Nfxd5 11. Be3 Be6 12. Ng5 Nxc3 13. bxc3 Bd5 14. Qd3
Rc8 15. Rfd1 Nc4 16. Bc1 Qd7 17. Qg3 Bf6 18. Qh4 h5 19. Qf4 Qg4 20. Qxg4 hxg4
21. Re1 Nb6 22. Ne4 Bxe4 23. Rxe4 Rxc3 24. Rxg4 Kg7 25. Re4 Rd8 26. Bb2 Rcc8
27. Kf1 Nc4 28. Bxc4 Rxc4 29. Rd1 e5 30. Ke2 exd4 31. Kd3 b5 32. Rde1 Ra4 33.
a3 Rc8 34. Re8 Rxe8 35. Rxe8 b4 36. axb4 Rxb4 37. Bc1 Rb3+ 38. Ke4 Rc3 39. Bd2
Rc2 40. Kd3 Ra2 41. f4 a5 42. g4 Ra3+ 43. Kc4 d3 44. g5 Bb2 45. Ra8 a4 46. Kb4
Rb3+ 47. Kc4 1/2-1/2

[Event "BL 1011 Werder Bremen - SK Delmenhorst"]
[Site "?"]
[Date "2010.10.08"]
[Round "7.1"]
[White "Heberla, Bartlomeij"]
[Black "Efimenko, Zahar"]
[Result "1/2-1/2"]
[WhiteElo "2534"]
[BlackElo "2683"]
[PlyCount "54"]
[EventDate "2010.??.??"]

1. e4 e5 2. Nf3 Nc6 3. Bc4 Bc5 4. c3 Nf6 5. d3 a6 6. Bb3 Ba7 7. Nbd2 O-O 8. h3
d5 9. Qe2 Re8 10. Nf1 Na5 11. Bc2 dxe4 12. dxe4 Bd7 13. Bd3 Bb5 14. Bxb5 axb5
15. Ng3 Nc4 16. O-O Qd7 17. Bg5 Qe6 18. a4 c6 19. axb5 cxb5 20. Rad1 Bb6 21.
Bxf6 Qxf6 22. Rd5 Nd6 23. Rfd1 Bc7 24. Nh5 Qh6 25. Ng3 Qf6 26. Nh5 Qh6 27. Ng3
Qf6 1/2-1/2

[Event "BL 1011 Werder Bremen - SK Delmenhorst"]
[Site "?"]
[Date "2010.10.08"]
[Round "7.2"]
[White "Fressinet, Laurent"]
[Black "Warakomski, Tomasz"]
[Result "1-0"]
[WhiteElo "2718"]
[BlackElo "2468"]
[PlyCount "189"]
[EventDate "2010.??.??"]

1. d4 g6 2. Nf3 Bg7 3. e4 d6 4. Bc4 c6 5. Bb3 Nd7 6. O-O e6 7. Nbd2 d5 8. Re1
Ne7 9. c3 b6 10. e5 Ba6 11. Nf1 Bxf1 12. Kxf1 c5 13. g3 Qc7 14. Kg2 Nc6 15. Bf4
c4 16. Bc2 b5 17. Qd2 h6 18. h4 Nb6 19. b3 Bf8 20. bxc4 Nxc4 21. Qd3 Be7 22.
Bb3 N6a5 23. Rab1 Qc6 24. Nh2 Kd7 25. Bc1 Na3 26. Ra1 Rac8 27. Re3 h5 28. Nf3
N5c4 29. Re2 Nb6 30. Bd2 a5 31. Be1 Nbc4 32. Rc1 a4 33. Bd1 Rc7 34. Ng1 Kc8 35.
Nh3 Kb7 36. Qf3 Ka8 37. Ra1 Rf8 38. Nf4 Rfc8 39. Kg1 Bf8 40. Nd3 Qb6 41. Qf4
Na5 42. Re3 N3c4 43. Rf3 Nc6 44. g4 hxg4 45. Qxg4 Qa7 46. Rh3 b4 47. h5 gxh5
48. Rxh5 Na3 49. cxb4 Nxd4 50. Rh8 Ndc2 51. Bxc2 Nxc2 52. Rc1 Rc4 53. Qd1 Qd4
54. Rxc2 Rxc2 55. Rxf8 Rxf8 56. Qxc2 Kb8 57. Nc5 Rh8 58. Qe2 Kc7 59. Qf3 Rg8+
60. Kf1 Qc4+ 61. Qd3 a3 62. Qxc4 dxc4 63. Ne4 Kc6 64. Ke2 Rg1 65. Nc3 Rg8 66.
Nb1 Ra8 67. Bc3 Kb5 68. Kd2 Ka4 69. Kc2 Rh8 70. Nd2 Rh4 71. Kd1 Rh1+ 72. Kc2
Rh4 73. Nf1 Rf4 74. Be1 Re4 75. Ne3 Rxe5 76. Kc3 Re4 77. Bd2 Kb5 78. Nc2 Ka4
79. Ne3 Kb5 80. Nc2 Ka4 81. Bc1 Re2 82. b5 Ka5 83. Be3 f5 84. b6 Ka6 85. Nxa3
f4 86. Bc5 Rxa2 87. Nxc4 Kb7 88. Kb4 Ra1 89. Kb5 Rb1+ 90. Bb4 Ka8 91. Na5 e5
92. Ka6 Rxb4 93. b7+ Rxb7 94. Nxb7 e4 95. Nc5 1-0

[Event "BL 1011 Werder Bremen - SK Delmenhorst"]
[Site "?"]
[Date "2010.10.08"]
[Round "7.5"]
[White "Luch, Michal"]
[Black "Nyback, Tomi"]
[Result "1-0"]
[WhiteElo "2385"]
[BlackElo "2635"]
[PlyCount "51"]
[EventDate "2010.??.??"]

1. d4 d5 2. c4 e6 3. Nf3 c6 4. Qc2 Nf6 5. Nbd2 Nbd7 6. g3 dxc4 7. Nxc4 b5 8.
Nce5 Bb7 9. Bg2 c5 10. Nxf7 Bxf3 11. Nxd8 Bxg2 12. Nxe6 Bxh1 13. f3 Rc8 14. Kf2
Rc6 15. d5 Nxd5 16. Nxf8 Kxf8 17. Bd2 Bxf3 18. exf3 N7f6 19. a4 b4 20. Qc4 Ke7
21. Bg5 Nc7 22. Qe4+ Kd7 23. Rd1+ Rd6 24. Rxd6+ Kxd6 25. Bf4+ Kd7 26. Qe5 1-0

[Event "BL 1011 Werder Bremen - SK Delmenhorst"]
[Site "?"]
[Date "2010.10.08"]
[Round "7.6"]
[White "Hracek, Zbynek"]
[Black "Meyer, Malte"]
[Result "1-0"]
[WhiteElo "2633"]
[BlackElo "2348"]
[PlyCount "143"]
[EventDate "2010.??.??"]

1. c4 e6 2. d4 d5 3. Nf3 c6 4. e3 Nf6 5. b3 Nbd7 6. Bd3 dxc4 7. bxc4 e5 8. Nbd2
Bd6 9. O-O O-O 10. Bb2 Qe7 11. Qc2 Re8 12. Ng5 Nf8 13. Nde4 Nxe4 14. Nxe4 Ba3
15. Bxa3 Qxa3 16. c5 exd4 17. Nd6 Rd8 18. exd4 Be6 19. Rfd1 g6 20. Be4 Rxd6 21.
cxd6 Qxd6 22. Rab1 Qd7 23. a4 Bd5 24. Bxd5 cxd5 25. Qb3 b6 26. a5 bxa5 27. Qb7
Rd8 28. Qxd7 Rxd7 29. Ra1 Ne6 30. Rxa5 Kf8 31. Kf1 Ke7 32. Rda1 a6 33. Rd1 Rd6
34. g3 Kd7 35. Ke2 Nc7 36. Rc1 Nb5 37. Kd3 Rb6 38. Rc2 h5 39. Ra1 Rf6 40. Re1
Nc7 41. Rec1 Nb5 42. f4 Rb6 43. Rc5 Kd6 44. Rc8 Kd7 45. R1c5 Nd6 46. R5c7+ Ke6
47. Rc6 Rb3+ 48. Kc2 Rb4 49. Rxa6 Kd7 50. Rca8 Rxd4 51. R8a7+ Ke6 52. Rb6 Rc4+
53. Kd3 Rc8 54. h3 Rd8 55. g4 hxg4 56. hxg4 g5 57. fxg5 Ke5 58. Rb4 Ke6 59. Rf4
Ne4 60. Raxf7 Nxg5 61. R4f6+ Ke5 62. Rf5+ Ke6 63. Rg7 Ne4 64. Rg6+ Ke7 65. Kd4
Ng3 66. Rg7+ Ke6 67. Rg6+ Ke7 68. Rf3 Ne2+ 69. Ke5 Ng1 70. Rf1 Ne2 71. Rg7+ Ke8
72. Rg8+ 1-0

[Event "BL 1011 Werder Bremen - SK Delmenhorst"]
[Site "?"]
[Date "2010.10.08"]
[Round "7.7"]
[White "Margraf, Daniel"]
[Black "Feller, Sebastien"]
[Result "0-1"]
[WhiteElo "2264"]
[BlackElo "2649"]
[PlyCount "80"]
[EventDate "2010.??.??"]

1. e4 c6 2. Nc3 d5 3. d4 dxe4 4. Nxe4 Bf5 5. Ng3 Bg6 6. Nh3 e6 7. Nf4 Bd6 8. h4
Bxf4 9. Bxf4 h6 10. h5 Bh7 11. Be5 Nf6 12. Bd3 Bxd3 13. Qxd3 Nbd7 14. Bxf6 Nxf6
15. O-O-O Qa5 16. Kb1 O-O-O 17. c4 Rd7 18. Ne4 Rhd8 19. Nxf6 gxf6 20. Qe4 Qg5
21. f4 Qg4 22. Rd2 Kb8 23. Rh3 Rd6 24. Rh1 e5 25. d5 cxd5 26. cxd5 a6 27. a3
exf4 28. Rd4 f5 29. Qxf4 Qxf4 30. Rxf4 Rxd5 31. Rhf1 Rd1+ 32. Rxd1 Rxd1+ 33.
Kc2 Rd5 34. Rc4 Rd8 35. Kc3 Rg8 36. Rf4 Rg5 37. Kd4 Rxh5 38. Ke5 Rh2 39. Rf2 h5
40. Kxf5 h4 0-1

[Event "BL 1011 Werder Bremen - SK Delmenhorst"]
[Site "?"]
[Date "2010.10.08"]
[Round "7.8"]
[White "Babula, Vlastimil"]
[Black "Ohse, Andreas Dr"]
[Result "1-0"]
[WhiteElo "2515"]
[BlackElo "2133"]
[PlyCount "49"]
[EventDate "2010.??.??"]

1. d4 Nf6 2. c4 g6 3. Nc3 d5 4. Qb3 dxc4 5. Qxc4 Bg7 6. e4 O-O 7. Be2 Na6 8.
Nf3 c5 9. d5 e6 10. O-O exd5 11. exd5 Bf5 12. Bf4 Qb6 13. Be5 Rad8 14. d6 Qb4
15. Rad1 Qxc4 16. Bxc4 Nb4 17. Rfe1 Nc6 18. h3 Nxe5 19. Nxe5 Nd7 20. Nxd7 Bxd7
21. Re7 Bd4 22. Bd5 b5 23. g4 a6 24. Ne4 Kg7 25. b4 1-0

[Event "BL 1011 SV Wattenscheid - Turm Emsdette"]
[Site "?"]
[Date "2010.10.08"]
[Round "7.1"]
[White "Giri, Anish"]
[Black "Najer, Evgeniy"]
[Result "1/2-1/2"]
[WhiteElo "2677"]
[BlackElo "2657"]
[PlyCount "74"]
[EventDate "2010.??.??"]

1. d4 Nf6 2. c4 e6 3. Nf3 b6 4. g3 Bb7 5. Bg2 Be7 6. Nc3 O-O 7. Qc2 Na6 8. e4
d5 9. cxd5 exd5 10. e5 Ne4 11. O-O c5 12. Be3 Rc8 13. Rad1 Qd7 14. h4 Rfe8 15.
Ng5 Bxg5 16. hxg5 cxd4 17. Rxd4 Qf5 18. Qd1 Nxc3 19. bxc3 Rxc3 20. Bxd5 Bxd5
21. Rxd5 Rcc8 22. Rd7 Nb8 23. Rxa7 Nc6 24. Qd7 Qxd7 25. Rxd7 Nxe5 26. Rb7 Rc2
27. Rc1 Rxa2 28. Rcc7 Raa8 29. Bf4 Re6 30. Bxe5 Rxe5 31. g6 Rf8 32. gxf7+ Kh8
33. Rxb6 g6 34. Rf6 Kg7 35. Rf3 Re6 36. Kg2 Rf6 37. Rxf6 Kxf6 1/2-1/2

[Event "BL 1011 SV Wattenscheid - Turm Emsdette"]
[Site "?"]
[Date "2010.10.08"]
[Round "7.2"]
[White "Macieja, Bartlomiej"]
[Black "Mchedlishvili, Mikheil"]
[Result "1-0"]
[WhiteElo "2651"]
[BlackElo "2628"]
[PlyCount "113"]
[EventDate "2010.??.??"]

1. Nf3 d5 2. c4 c6 3. e3 Nf6 4. Nc3 g6 5. d4 Bg7 6. Bd3 O-O 7. O-O Bg4 8. h3
Bxf3 9. Qxf3 Qd6 10. b3 e5 11. dxe5 Qxe5 12. Bb2 Nbd7 13. Rad1 dxc4 14. Bxc4
Qe7 15. Qf4 Nb6 16. Qd6 Rfe8 17. Qxe7 Rxe7 18. Ba3 Rd7 19. Rxd7 Nfxd7 20. Ne4
Nxc4 21. bxc4 Nb6 22. Rc1 Rd8 23. Bc5 Nc8 24. Bb4 h6 25. Kf1 Re8 26. Nd2 Ne7
27. Bxe7 Rxe7 28. c5 Rc7 29. Nc4 Bf8 30. Na5 Be7 31. Rb1 Bxc5 32. Nxb7 Bb6 33.
Nd6 h5 34. Nc4 Bc5 35. Rc1 Be7 36. Na5 c5 37. Ke2 Kf8 38. Rc2 Ke8 39. Kd3 Kd7
40. Kc4 Ke6 41. Rd2 Bf6 42. Nb3 Be7 43. Rd5 h4 44. Nxc5+ Bxc5 45. Rxc5 Rd7 46.
Kb3 Rd1 47. Rc6+ Ke7 48. Rc4 Rb1+ 49. Ka3 Rf1 50. Rc2 f5 51. Re2 Rb1 52. Ka4
Kd6 53. Ka5 Kd5 54. Ka6 Kc4 55. a4 Rg1 56. e4 Kb4 57. e5 1-0

[Event "BL 1011 SV Wattenscheid - Turm Emsdette"]
[Site "?"]
[Date "2010.10.08"]
[Round "7.3"]
[White "Hector, Jonny"]
[Black "Bartel, Mateusz"]
[Result "1/2-1/2"]
[WhiteElo "2592"]
[BlackElo "2599"]
[PlyCount "105"]
[EventDate "2010.??.??"]

1. e4 e6 2. d4 d5 3. e5 c5 4. c3 Qb6 5. Nf3 Bd7 6. Bd3 Bb5 7. dxc5 Bxc5 8. b4
Bxd3 9. Qxd3 Be7 10. O-O Nd7 11. Na3 a6 12. c4 Qxb4 13. cxd5 Nc5 14. Qc4 Qxc4
15. Nxc4 exd5 16. Nb6 Rd8 17. Rd1 Ne6 18. Be3 Ba3 19. Rd3 Bc5 20. Bxc5 Nxc5 21.
Rxd5 Rxd5 22. Nxd5 Ne7 23. Rc1 Ne6 24. Nc7+ Kd7 25. Nxe6 fxe6 26. Ng5 Nd5 27.
g3 b6 28. f4 h6 29. Ne4 Rc8 30. Rxc8 Kxc8 31. Kf2 Kd7 32. Kf3 a5 33. g4 b5 34.
Nc5+ Ke7 35. a4 bxa4 36. Nxa4 g6 37. Ke4 Kf7 38. f5 gxf5+ 39. gxf5 Ne7 40. f6
Nd5 41. h3 Kg6 42. Nc5 Kf7 43. h4 Nc3+ 44. Kd4 Ne2+ 45. Ke3 Nc3 46. Kd3 Nd5 47.
Kd4 Nb4 48. Ke4 Nc6 49. Na4 Nb4 50. Nc5 Nc6 51. Kf4 Nb4 52. Ke4 Nc6 53. Na4
1/2-1/2

[Event "BL 1011 SV Wattenscheid - Turm Emsdette"]
[Site "?"]
[Date "2010.10.08"]
[Round "7.4"]
[White "Bogner, Sebastian"]
[Black "Janssen, Ruud"]
[Result "1/2-1/2"]
[WhiteElo "2549"]
[BlackElo "2498"]
[PlyCount "70"]
[EventDate "2010.??.??"]

1. d4 Nf6 2. c4 e6 3. g3 Bb4+ 4. Bd2 Qe7 5. Nf3 Nc6 6. Nc3 O-O 7. Bg2 d5 8. a3
Bxc3 9. Bxc3 Ne4 10. Nd2 Nxc3 11. bxc3 Rd8 12. O-O Na5 13. cxd5 exd5 14. e4 Be6
15. Re1 c6 16. Qh5 Qd7 17. h3 Rac8 18. f4 f6 19. f5 Bf7 20. Qg4 h5 21. Qf4 dxe4
22. Nxe4 Qc7 23. Qh4 Re8 24. Kh2 Re7 25. Re2 Rce8 26. Rae1 Nc4 27. Bf3 Nd6 28.
Qf4 Nxe4 29. Qxc7 Rxc7 30. Rxe4 Rxe4 31. Rxe4 Kf8 32. Re3 Re7 33. Rxe7 Kxe7 34.
h4 Kd6 35. Kg1 b6 1/2-1/2

[Event "BL 1011 SV Wattenscheid - Turm Emsdette"]
[Site "?"]
[Date "2010.10.08"]
[Round "7.5"]
[White "Cramling, Pia"]
[Black "Rustemov, Alexander"]
[Result "0-1"]
[WhiteElo "2509"]
[BlackElo "2541"]
[PlyCount "198"]
[EventDate "2010.??.??"]

1. d4 g6 2. e4 Bg7 3. c4 d6 4. Nc3 e5 5. Nf3 Nc6 6. Bg5 f6 7. Be3 Bh6 8. Qd2
Bxe3 9. Qxe3 Bg4 10. d5 Nb4 11. O-O-O Na6 12. Be2 Qe7 13. Nd2 Bd7 14. Nb3 b6
15. h4 h5 16. Qg3 Qh7 17. Kb1 Nh6 18. Nd2 f5 19. Nf3 Nc5 20. Ng5 Qg7 21. Nb5
Rc8 22. Nxa7 Ra8 23. Nb5 Bxb5 24. cxb5 O-O 25. Ne6 Nxe6 26. dxe6 fxe4 27. Bc4
Kh7 28. Bd5 Rae8 29. Bxe4 Rxe6 30. Qb3 Ref6 31. f3 Nf5 32. Rc1 Ng3 33. Rhe1
R8f7 34. Rc4 Rf4 35. Qc2 Nf5 36. Bd5 Re7 37. Qf2 Rd4 38. Rxd4 exd4 39. Re4 Ne3
40. Bb3 d5 41. Rxe7 Qxe7 42. a3 Qe5 43. Bc2 Kg7 44. f4 Qf6 45. Qg3 Nxc2 46.
Kxc2 Qf5+ 47. Kd2 Qb1 48. Qb3 Qe4 49. Qg3 Kf8 50. a4 d3 51. Qxd3 Qxf4+ 52. Kc3
Qxa4 53. Qf3+ Kg7 54. Qxd5 Qxh4 55. Qd7+ Kh6 56. Qxc7 Qe1+ 57. Kb3 Qe3+ 58. Qc3
Qe6+ 59. Ka3 h4 60. Qd2+ g5 61. Qc3 Qd6+ 62. Ka4 Qf4+ 63. b4 Kh5 64. Qd3 Qf6
65. Qd1+ Kh6 66. Qg4 Qa1+ 67. Kb3 Qb1+ 68. Ka3 Qd3+ 69. Ka4 Qd5 70. Qe2 Qf5 71.
Qc4 Qg6 72. Ka3 Qf6 73. Qc6 Kg6 74. Qc2+ Kh5 75. Qd1+ Kh6 76. Qd5 Qc3+ 77. Ka4
Qc2+ 78. Ka3 Qc1+ 79. Ka4 Qc2+ 80. Ka3 Qg6 81. Qf3 Kh7 82. Qb7+ Kg8 83. Qc8+
Kg7 84. Qb7+ Kh6 85. Qf3 g4 86. Qf4+ Kh7 87. Qc7+ Qg7 88. Qxb6 h3 89. gxh3 g3
90. Qc5 Qa1+ 91. Kb3 Qd1+ 92. Ka3 Qf3+ 93. Ka4 g2 94. Qe7+ Kg6 95. Qd6+ Kg5 96.
Qe5+ Kh4 97. Qd4+ Kg3 98. b6 Kh2 99. Qd6+ Kh1 0-1